01273nam a22002417a 4500003000800000008004100008037002800049040003500077041000800112080001300120100002900133245021300162260010000375300002300475500017900498650006300677650005900740650006300799655002300862700003100885700002600916710008900942BI-BuBU200831b1998 bd fr|||| 000 0 fre d a179859bDon de l'auteur aBI-BuBUbfrecBI-BuBUdBI-BuBU0 afre a658.115.1 4aut.aBarasukana, Darius10aContribution à l'étude des problèmes de recouvrement des créances commerciales dans une entreprise publiquebcas de la REGIDESOcpar Darius Barasukana ; Célestin Nahimana ; Paul Niyungeko, directeur aBujumburabUniversité du Burundi, Faculté des Sciences Economiques et Administrativesc1998 aXII-106 f.c32 cm. aMémoire présenté et défendu publiquement en vue de l'obtention du grade de Licencié en Sciences Économiques et Administratives. Option : Gestion et Administration 72BI-BuBUaEntreprise publiquexREGIDESOxGestionxCréance 72BI-BuBUaREGIDESOxCréance commercialexRecouvrement 72BI-BuBUaGestionxCréancexEntreprise publiquexREGIDESO 72BI-BuBUaMémoire1 4aut.aNahimana, Célestin1 4dir.aNiyungeko, Paul1 4aut.aUniversité du BurundibFaculté des Sciences Economiques et Administratives